Nationale und internationale Kartelle
Gespeichert in:
| Format: | Buch |
|---|---|
| Sprache: | Deutsch |
| Veröffentlicht: |
Berlin
Junker und Dünnhaupt
1936
|
| Tags: |
Keine Tags, Fügen Sie das erste Tag hinzu!
|
MARC
| LEADER | 00000nam a2200000 4500 | ||
|---|---|---|---|
| 001 | 0307460 | ||
| 005 | 20250304104803.4 | ||
| 041 | 0 | |a ger | |
| 044 | |a DE | ||
| 245 | 1 | 0 | |a Nationale und internationale Kartelle |c Jakob Wilhelm Reichert |
| 264 | 1 | |a Berlin |b Junker und Dünnhaupt |c 1936 | |